[Event "Blitz 2018"]
[Site "Saint-Petersburg"]
[Date "2018.12.29"]
[Round "2"]
[Board "50"]
[White "Danielyan Vahe (ARM)"]
[Black "Van Foreest Jorden (NED)"]
[Result "1-0"]
[LiveChessVersion "1.4.8"]
[BlackElo "2657"]
[WhiteElo "2417"]

1. e4 {[%clk 0:03:03]} e5 {[%clk 0:03:03]} 2. Nf3 {[%clk 0:03:04]} Nc6
{[%clk 0:03:03]} 3. Bb5 {[%clk 0:03:06]} g6 {[%clk 0:03:04]} 4. c3
{[%clk 0:03:02]} d6 {[%clk 0:03:05]} 5. d4 {[%clk 0:03:02]} Bd7 {[%clk 0:03:06]}
6. Bg5 {[%clk 0:02:51]} f6 {[%clk 0:03:06]} 7. Be3 {[%clk 0:02:52]} Nh6
{[%clk 0:03:07]} 8. dxe5 {[%clk 0:02:47]} dxe5 {[%clk 0:03:07]} 9. Nbd2
{[%clk 0:02:44]} Ng4 {[%clk 0:03:05]} 10. Qe2 {[%clk 0:02:39]} Qe7
{[%clk 0:02:54]} 11. h3 {[%clk 0:02:33]} Nxe3 {[%clk 0:02:54]} 12. Qxe3
{[%clk 0:02:34]} Bg7 {[%clk 0:02:38]} 13. O-O {[%clk 0:02:27]} O-O
{[%clk 0:02:37]} 14. Rad1 {[%clk 0:02:27]} Kh8 {[%clk 0:02:36]} 15. Rfe1
{[%clk 0:02:26]} a6 {[%clk 0:02:31]} 16. Bc4 {[%clk 0:02:22]} Nd8
{[%clk 0:02:29]} 17. Nb3 {[%clk 0:02:21]} b6 {[%clk 0:02:30]} 18. Qd2
{[%clk 0:02:16]} Be8 {[%clk 0:02:19]} 19. Qd5 {[%clk 0:02:00]} Bc6
{[%clk 0:02:15]} 20. Qd3 {[%clk 0:02:00]} Nb7 {[%clk 0:02:12]} 21. Bd5
{[%clk 0:01:49]} Rfd8 {[%clk 0:02:04]} 22. Qe2 {[%clk 0:01:50]} Bxd5 23. exd5 Qf7
24. c4 a5 {[%clk 0:02:03]} 25. Nbd2 {[%clk 0:01:52]} Re8 {[%clk 0:02:01]} 26. Nb1
{[%clk 0:01:49]} h6 {[%clk 0:01:51]} 27. Nc3 {[%clk 0:01:50]} Nd6
{[%clk 0:01:53]} 28. Nd2 {[%clk 0:01:19]} f5 {[%clk 0:01:53]} 29. a4
{[%clk 0:01:14]} e4 {[%clk 0:01:54]} 30. Nb3 {[%clk 0:01:10]} Kh7
{[%clk 0:01:31]} 31. Nb5 {[%clk 0:01:10]} f4 {[%clk 0:01:27]} 32. Nxd6
{[%clk 0:01:00]} cxd6 {[%clk 0:01:28]} 33. Qc2 {[%clk 0:00:56]} e3
{[%clk 0:01:26]} 34. fxe3 {[%clk 0:00:53]} Rxe3 {[%clk 0:01:22]} 35. Nd2
{[%clk 0:00:37]} Qf6 {[%clk 0:01:01]} 36. Nf3 {[%clk 0:00:34]} Rae8
{[%clk 0:01:02]} 37. Rxe3 {[%clk 0:00:22]} Rxe3 {[%clk 0:00:59]} 38. Re1
{[%clk 0:00:18]} Rxe1+ {[%clk 0:00:47]} 39. Nxe1 {[%clk 0:00:19]} Qd4+ 40. Kf1
Qe3 {[%clk 0:00:23]} 41. Nf3 {[%clk 0:00:21]} Bf6 {[%clk 0:00:23]} 42. h4
{[%clk 0:00:18]} Kg7 {[%clk 0:00:24]} 43. h5 {[%clk 0:00:18]} gxh5
{[%clk 0:00:24]} 44. b3 {[%clk 0:00:14]} Bc3 {[%clk 0:00:13]} 45. Qf5
{[%clk 0:00:07]} Qc1+ {[%clk 0:00:14]} 46. Kf2 {[%clk 0:00:06]} Bf6
{[%clk 0:00:05]} 47. Qd7+ {[%clk 0:00:06]} Kg6 {[%clk 0:00:06]} 48. Qxd6
{[%clk 0:00:05]} Qe3+ {[%clk 0:00:05]} 49. Kf1 Qc1+ {[%clk 0:00:03]} 50. Kf2
{[%clk 0:00:06]} Qe3+ {[%clk 0:00:04]} 51. Kf1 {[%clk 0:00:07]} Qd3+
{[%clk 0:00:06]} 52. Kg1 {[%clk 0:00:08]} Qxb3 {[%clk 0:00:07]} 53. Ne5+
{[%clk 0:00:07]} Kf5 54. Qe6+ {[%clk 0:00:08]} Kg5 {[%clk 0:00:05]} 55. Nf3+
{[%clk 0:00:05]} Kg6 {[%clk 0:00:06]} 56. d6 {[%clk 0:00:07]} Qb1+
{[%clk 0:00:04]} 57. Kh2 {[%clk 0:00:08]} Qd3 {[%clk 0:00:05]} 58. Ne5+
{[%clk 0:00:08]} 1-0

[Event "Blitz 2018"]
[Site "Saint-Petersburg"]
[Date "2018.12.29"]
[Round "2"]
[Board "51"]
[White "Matlakov Maxim (RUS)"]
[Black "Potkin Vladimir (RUS)"]
[Result "1/2-1/2"]
[LiveChessVersion "1.4.8"]
[BlackElo "2494"]
[WhiteElo "2653"]

1. c4 {[%clk 0:03:03]} e6 {[%clk 0:03:02]} 2. g3 {[%clk 0:03:03]} d5
{[%clk 0:03:02]} 3. Bg2 {[%clk 0:03:04]} Nf6 {[%clk 0:03:03]} 4. d4
{[%clk 0:03:05]} dxc4 {[%clk 0:02:51]} 5. Qa4+ {[%clk 0:03:06]} c6
{[%clk 0:02:51]} 6. Qxc4 {[%clk 0:03:06]} b5 {[%clk 0:02:50]} 7. Qd3
{[%clk 0:03:07]} Bb7 {[%clk 0:02:51]} 8. Nf3 {[%clk 0:03:08]} Nbd7
{[%clk 0:02:51]} 9. O-O {[%clk 0:03:08]} a6 {[%clk 0:02:50]} 10. a4
{[%clk 0:03:01]} c5 {[%clk 0:02:50]} 11. dxc5 {[%clk 0:02:55]} Bxc5
{[%clk 0:02:22]} 12. axb5 {[%clk 0:02:55]} Be4 {[%clk 0:02:21]} 13. Qb3
{[%clk 0:02:43]} Bd5 {[%clk 0:02:22]} 14. Qd3 {[%clk 0:01:48]} Be4
{[%clk 0:02:23]} 15. Qc4 {[%clk 0:01:41]} Bd5 {[%clk 0:02:14]} 16. Qd3
{[%clk 0:01:23]} Be4 {[%clk 0:02:14]} 17. Qc4 {[%clk 0:01:23]} Bd5
{[%clk 0:02:15]} 18. Qd3 {[%clk 0:01:24]} 1/2-1/2

[Event "Blitz 2018"]
[Site "Saint-Petersburg"]
[Date "2018.12.29"]
[Round "2"]
[Board "52"]
[White "Zvjaginsev Vadim (RUS)"]
[Black "Abdusattorov Nodirbek (UZB)"]
[Result "0-1"]
[LiveChessVersion "1.4.8"]
[BlackElo "2469"]
[WhiteElo "2649"]

1. e4 {[%clk 0:03:03]} c5 {[%clk 0:03:02]} 2. Nc3 {[%clk 0:03:04]} Nc6
{[%clk 0:02:58]} 3. Bb5 {[%clk 0:03:05]} Nd4 {[%clk 0:02:50]} 4. Nf3
{[%clk 0:03:06]} a6 {[%clk 0:02:45]} 5. Bd3 {[%clk 0:03:07]} Nc6 {[%clk 0:02:36]}
6. O-O {[%clk 0:03:07]} g6 {[%clk 0:02:35]} 7. Nd5 {[%clk 0:03:00]} Bg7
{[%clk 0:02:34]} 8. c3 {[%clk 0:03:01]} d6 {[%clk 0:02:33]} 9. Ne3
{[%clk 0:02:59]} Nf6 {[%clk 0:02:32]} 10. Bc2 {[%clk 0:02:59]} O-O
{[%clk 0:02:31]} 11. d4 {[%clk 0:02:59]} cxd4 {[%clk 0:02:32]} 12. cxd4
{[%clk 0:03:00]} Ng4 {[%clk 0:02:23]} 13. h3 {[%clk 0:03:00]} Nxe3
{[%clk 0:02:24]} 14. Bxe3 {[%clk 0:03:00]} Bd7 {[%clk 0:02:24]} 15. Qd2
{[%clk 0:03:01]} Rc8 {[%clk 0:02:23]} 16. Bh6 {[%clk 0:02:58]} Qa5
{[%clk 0:02:22]} 17. Qxa5 {[%clk 0:02:48]} Nxa5 {[%clk 0:02:22]} 18. Bxg7
{[%clk 0:02:49]} Kxg7 {[%clk 0:02:22]} 19. Bd3 {[%clk 0:02:29]} Nc4
{[%clk 0:02:18]} 20. Rab1 {[%clk 0:02:24]} Bb5 {[%clk 0:02:10]} 21. Rfc1
{[%clk 0:02:05]} Nd2 {[%clk 0:01:44]} 22. Nxd2 {[%clk 0:01:59]} Bxd3
{[%clk 0:01:45]} 23. Ra1 {[%clk 0:02:01]} Bc2 {[%clk 0:01:40]} 24. f3
{[%clk 0:01:59]} Rc7 {[%clk 0:01:40]} 25. Kf2 {[%clk 0:01:58]} Rfc8
{[%clk 0:01:39]} 26. Ke3 {[%clk 0:01:45]} f5 {[%clk 0:01:24]} 27. a4
{[%clk 0:01:35]} e5 {[%clk 0:01:21]} 28. dxe5 {[%clk 0:01:33]} dxe5
{[%clk 0:01:21]} 29. g3 {[%clk 0:01:31]} Rd7 {[%clk 0:01:00]} 30. Ra3
{[%clk 0:01:31]} f4+ {[%clk 0:01:01]} 31. gxf4 {[%clk 0:01:29]} exf4+
{[%clk 0:01:02]} 32. Ke2 {[%clk 0:01:28]} b5 {[%clk 0:00:51]} 33. axb5
{[%clk 0:01:19]} axb5 {[%clk 0:00:52]} 34. b4 {[%clk 0:01:12]} Rdc7
{[%clk 0:00:48]} 35. Kf2 {[%clk 0:00:58]} Kf6 {[%clk 0:00:43]} 36. Nb3
{[%clk 0:00:51]} Bxb3 {[%clk 0:00:41]} 37. Rxc7 {[%clk 0:00:52]} Rxc7
{[%clk 0:00:43]} 38. Rxb3 {[%clk 0:00:54]} Rc2+ {[%clk 0:00:43]} 39. Kg1
{[%clk 0:00:52]} Kg5 {[%clk 0:00:44]} 40. Kf1 {[%clk 0:00:42]} Kh4
{[%clk 0:00:44]} 41. e5 {[%clk 0:00:43]} Kxh3 {[%clk 0:00:28]} 42. Rd3
{[%clk 0:00:25]} Kg3 {[%clk 0:00:28]} 43. Rd5 {[%clk 0:00:19]} Kxf3
{[%clk 0:00:26]} 0-1

[Event "Blitz 2018"]
[Site "Saint-Petersburg"]
[Date "2018.12.29"]
[Round "2"]
[Board "53"]
[White "Bindrich Falko (GER)"]
[Black "Petrov Nikita (RUS)"]
[Result "1/2-1/2"]
[LiveChessVersion "1.4.8"]
[BlackElo "2468"]
[WhiteElo "2639"]

1. d4 {[%clk 0:03:03]} Nf6 {[%clk 0:03:03]} 2. c4 {[%clk 0:03:03]} c6
{[%clk 0:03:04]} 3. Nc3 {[%clk 0:03:03]} d5 {[%clk 0:03:06]} 4. e3
{[%clk 0:03:04]} Bf5 {[%clk 0:03:06]} 5. cxd5 {[%clk 0:03:05]} cxd5
{[%clk 0:03:07]} 6. Qb3 {[%clk 0:03:05]} Nc6 {[%clk 0:03:08]} 7. Qxb7
{[%clk 0:02:59]} Bd7 {[%clk 0:03:08]} 8. Qb3 {[%clk 0:02:55]} Rb8
{[%clk 0:03:09]} 9. Qd1 {[%clk 0:02:56]} e5 {[%clk 0:03:10]} 10. dxe5
{[%clk 0:02:56]} Nxe5 {[%clk 0:03:11]} 11. Be2 {[%clk 0:02:57]} Bd6
{[%clk 0:03:11]} 12. Nf3 {[%clk 0:02:58]} O-O {[%clk 0:03:10]} 13. O-O
{[%clk 0:02:55]} Qe7 {[%clk 0:03:11]} 14. a4 {[%clk 0:02:47]} Rfc8
{[%clk 0:02:52]} 15. Nd4 {[%clk 0:02:29]} Bb4 {[%clk 0:02:04]} 16. Bd2
{[%clk 0:02:18]} Nc4 {[%clk 0:02:04]} 17. Bxc4 {[%clk 0:02:17]} dxc4
{[%clk 0:01:58]} 18. Qc2 {[%clk 0:01:45]} Qe5 {[%clk 0:01:58]} 19. Ncb5
{[%clk 0:01:25]} Bc5 {[%clk 0:01:46]} 20. Nf3 {[%clk 0:01:23]} Qe4
{[%clk 0:01:36]} 21. Rfc1 {[%clk 0:01:17]} a6 {[%clk 0:01:23]} 22. Qxe4
{[%clk 0:00:57]} Nxe4 {[%clk 0:01:24]} 23. Nc3 {[%clk 0:00:44]} Nxd2
{[%clk 0:01:24]} 24. Nxd2 {[%clk 0:00:45]} Be6 {[%clk 0:01:26]} 25. Nce4
{[%clk 0:00:39]} Be7 {[%clk 0:01:16]} 26. Rc2 {[%clk 0:00:40]} Rb4
{[%clk 0:01:13]} 27. a5 {[%clk 0:00:34]} Rcb8 {[%clk 0:01:10]} 28. Rb1
{[%clk 0:00:22]} f5 {[%clk 0:01:11]} 29. Nc3 {[%clk 0:00:22]} Bf6
{[%clk 0:01:12]} 30. f3 {[%clk 0:00:19]} Bd8 {[%clk 0:01:07]} 31. Ne2
{[%clk 0:00:17]} Bxa5 {[%clk 0:00:35]} 32. Nd4 {[%clk 0:00:18]} c3
{[%clk 0:00:36]} 33. Nxe6 {[%clk 0:00:10]} cxd2 {[%clk 0:00:36]} 34. Rxd2
{[%clk 0:00:09]} R4b6 {[%clk 0:00:25]} 35. Rd5 {[%clk 0:00:10]} Rxe6
{[%clk 0:00:21]} 36. Rxa5 {[%clk 0:00:12]} Rxe3 {[%clk 0:00:21]} 37. Rxa6
{[%clk 0:00:12]} Reb3 {[%clk 0:00:21]} 38. Ra2 {[%clk 0:00:13]} g6
{[%clk 0:00:19]} 39. Kf2 {[%clk 0:00:14]} Rc8 {[%clk 0:00:20]} 40. Ra3
{[%clk 0:00:11]} 1/2-1/2

[Event "Blitz 2018"]
[Site "Saint-Petersburg"]
[Date "2018.12.29"]
[Round "2"]
[Board "54"]
[White "Cheparinov Ivan (GEO)"]
[Black "Steinberg Nitzan (ISR)"]
[Result "1-0"]
[LiveChessVersion "1.4.8"]
[BlackElo "2447"]
[WhiteElo "2618"]

1. Nf3 {[%clk 0:03:02]} d5 {[%clk 0:03:04]} 2. d4 {[%clk 0:03:02]} Nf6
{[%clk 0:03:04]} 3. c4 {[%clk 0:03:02]} c6 {[%clk 0:03:00]} 4. g3
{[%clk 0:03:03]} dxc4 {[%clk 0:03:01]} 5. Bg2 {[%clk 0:03:04]} g6
{[%clk 0:03:02]} 6. O-O {[%clk 0:03:03]} Bg7 {[%clk 0:03:03]} 7. a4
{[%clk 0:03:01]} Ne4 {[%clk 0:03:03]} 8. Qc2 {[%clk 0:03:02]} Nd6
{[%clk 0:03:02]} 9. e4 {[%clk 0:03:02]} Bg4 {[%clk 0:02:29]} 10. Ne5
{[%clk 0:02:34]} Be6 {[%clk 0:02:30]} 11. Na3 {[%clk 0:02:24]} Na6
{[%clk 0:02:21]} 12. Rd1 {[%clk 0:02:16]} O-O {[%clk 0:02:01]} 13. Be3
{[%clk 0:02:15]} Nb4 {[%clk 0:01:51]} 14. Qe2 {[%clk 0:02:03]} f5
{[%clk 0:01:32]} 15. d5 {[%clk 0:01:44]} Bxe5 {[%clk 0:01:13]} 16. dxe6
{[%clk 0:01:44]} Qc8 {[%clk 0:01:01]} 17. Bh6 {[%clk 0:01:18]} Qxe6
{[%clk 0:00:46]} 18. Bxf8 {[%clk 0:01:17]} Rxf8 {[%clk 0:00:47]} 19. f4
{[%clk 0:01:07]} Bg7 {[%clk 0:00:45]} 20. e5 {[%clk 0:01:08]} a5 {[%clk 0:00:27]}
21. Bf3 {[%clk 0:01:05]} Ne4 {[%clk 0:00:21]} 22. Qxc4 {[%clk 0:01:00]} Qxc4
{[%clk 0:00:20]} 23. Nxc4 {[%clk 0:01:01]} g5 {[%clk 0:00:17]} 24. Nxa5
{[%clk 0:00:55]} Nd5 {[%clk 0:00:11]} 25. Nxb7 {[%clk 0:00:43]} gxf4
{[%clk 0:00:12]} 26. a5 {[%clk 0:00:30]} fxg3 {[%clk 0:00:09]} 27. hxg3
{[%clk 0:00:23]} Bxe5 {[%clk 0:00:07]} 28. a6 {[%clk 0:00:24]} Bxg3
{[%clk 0:00:04]} 29. a7 {[%clk 0:00:14]} Bf2+ {[%clk 0:00:05]} 30. Kh1
{[%clk 0:00:12]} Ng3+ {[%clk 0:00:03]} 31. Kg2 {[%clk 0:00:12]} Ne3+
{[%clk 0:00:03]} 32. Kxf2 Nxd1+ 33. Kxg3 {[%clk 0:00:12]} 1-0

[Event "Blitz 2018"]
[Site "Saint-Petersburg"]
[Date "2018.12.29"]
[Round "2"]
[Board "55"]
[White "Predke Alexandr (RUS)"]
[Black "Roiz Michael (ISR)"]
[Result "0-1"]
[LiveChessVersion "1.4.8"]
[BlackElo "2617"]
[WhiteElo "2482"]

1. e4 {[%clk 0:03:03]} e5 {[%clk 0:03:03]} 2. Nc3 {[%clk 0:03:03]} Nf6
{[%clk 0:03:04]} 3. g3 {[%clk 0:03:04]} d5 {[%clk 0:03:02]} 4. exd5
{[%clk 0:03:04]} Nxd5 {[%clk 0:03:04]} 5. Bg2 {[%clk 0:03:05]} Nf6
{[%clk 0:03:04]} 6. d3 {[%clk 0:02:49]} Nc6 {[%clk 0:03:00]} 7. Nf3
{[%clk 0:02:49]} Bd6 {[%clk 0:02:54]} 8. O-O {[%clk 0:02:49]} O-O
{[%clk 0:02:54]} 9. Re1 {[%clk 0:02:49]} h6 {[%clk 0:02:55]} 10. h3
{[%clk 0:02:49]} Re8 {[%clk 0:02:55]} 11. Be3 {[%clk 0:02:49]} a6
{[%clk 0:02:47]} 12. Kh2 {[%clk 0:02:46]} Bf5 {[%clk 0:02:42]} 13. Nh4
{[%clk 0:02:44]} Be6 {[%clk 0:02:22]} 14. Ne4 {[%clk 0:02:41]} Be7
{[%clk 0:02:17]} 15. Nf3 {[%clk 0:02:19]} Nxe4 {[%clk 0:02:15]} 16. dxe4
{[%clk 0:02:19]} Qxd1 {[%clk 0:02:14]} 17. Rexd1 {[%clk 0:02:18]} Red8
{[%clk 0:02:14]} 18. a3 {[%clk 0:02:14]} Kf8 {[%clk 0:01:57]} 19. Bf1
{[%clk 0:01:30]} Ke8 {[%clk 0:01:58]} 20. Kg2 {[%clk 0:01:31]} Rxd1
{[%clk 0:01:53]} 21. Rxd1 {[%clk 0:01:32]} Rd8 {[%clk 0:01:54]} 22. Rxd8+
{[%clk 0:01:31]} Kxd8 {[%clk 0:01:55]} 23. Be2 {[%clk 0:01:19]} Bd6
{[%clk 0:01:37]} 24. c3 {[%clk 0:01:18]} Na5 {[%clk 0:01:14]} 25. Nd2
{[%clk 0:01:18]} b5 {[%clk 0:01:00]} 26. b4 {[%clk 0:01:12]} Nb7 {[%clk 0:00:52]}
27. c4 {[%clk 0:01:03]} c6 {[%clk 0:00:53]} 28. c5 {[%clk 0:00:55]} Be7
{[%clk 0:00:54]} 29. Nf3 {[%clk 0:00:40]} f6 {[%clk 0:00:44]} 30. Nh4
{[%clk 0:00:41]} Ke8 {[%clk 0:00:43]} 31. Bh5+ {[%clk 0:00:37]} Kd7
{[%clk 0:00:43]} 32. Nf5 {[%clk 0:00:34]} Bf8 {[%clk 0:00:44]} 33. h4
{[%clk 0:00:30]} a5 {[%clk 0:00:40]} 34. Bd2 {[%clk 0:00:27]} axb4
{[%clk 0:00:40]} 35. axb4 {[%clk 0:00:28]} Nd8 {[%clk 0:00:41]} 36. Kf3
{[%clk 0:00:21]} Bb3 {[%clk 0:00:38]} 37. Bg4 {[%clk 0:00:21]} Kc7
{[%clk 0:00:31]} 38. h5 {[%clk 0:00:22]} Bf7 {[%clk 0:00:31]} 39. Ke3
{[%clk 0:00:22]} Ne6 {[%clk 0:00:29]} 40. f4 {[%clk 0:00:23]} exf4+
{[%clk 0:00:07]} 41. gxf4 {[%clk 0:00:24]} Kd8 {[%clk 0:00:08]} 42. Bc3
{[%clk 0:00:25]} Nc7 {[%clk 0:00:09]} 43. Nh4 {[%clk 0:00:23]} Be7
{[%clk 0:00:06]} 44. Ng6 {[%clk 0:00:24]} Bc4 {[%clk 0:00:06]} 45. Bh3
{[%clk 0:00:16]} Ke8 {[%clk 0:00:07]} 46. Bc8 {[%clk 0:00:12]} Be6
{[%clk 0:00:06]} 47. Bb7 {[%clk 0:00:07]} Bd7 {[%clk 0:00:07]} 48. f5
{[%clk 0:00:08]} Kf7 {[%clk 0:00:04]} 49. Be1 {[%clk 0:00:07]} Ne8
{[%clk 0:00:05]} 50. Bg3 {[%clk 0:00:08]} Bd8 {[%clk 0:00:06]} 51. Nh8+
{[%clk 0:00:08]} Kf8 {[%clk 0:00:07]} 52. Ng6+ Kf7 53. Nh8+ Kf8 {[%clk 0:00:08]}
54. Bd6+ {[%clk 0:00:05]} 0-1

[Event "Blitz 2018"]
[Site "Saint-Petersburg"]
[Date "2018.12.29"]
[Round "2"]
[Board "56"]
[White "Tsoi Dmitry (RUS)"]
[Black "Motylev Alexander (RUS)"]
[Result "1-0"]
[LiveChessVersion "1.4.8"]
[BlackElo "2609"]
[WhiteElo "2387"]

1. Nf3 {[%clk 0:03:03]} d5 {[%clk 0:03:03]} 2. g3 {[%clk 0:03:04]} g6
{[%clk 0:03:03]} 3. Bg2 {[%clk 0:03:05]} Bg7 {[%clk 0:03:04]} 4. O-O
{[%clk 0:03:06]} e5 {[%clk 0:03:05]} 5. d3 {[%clk 0:03:06]} Nc6 {[%clk 0:03:04]}
6. e4 {[%clk 0:03:05]} Nge7 {[%clk 0:03:01]} 7. Nbd2 {[%clk 0:03:01]} O-O
{[%clk 0:03:01]} 8. c3 {[%clk 0:03:02]} a5 {[%clk 0:03:00]} 9. a4
{[%clk 0:02:59]} h6 {[%clk 0:02:58]} 10. Re1 {[%clk 0:02:59]} Be6
{[%clk 0:02:57]} 11. Qc2 {[%clk 0:02:58]} d4 {[%clk 0:02:49]} 12. Nc4
{[%clk 0:02:30]} Qc8 {[%clk 0:02:32]} 13. Bd2 {[%clk 0:02:27]} Rd8
{[%clk 0:02:33]} 14. Rad1 {[%clk 0:02:23]} Bg4 {[%clk 0:02:23]} 15. Bc1
{[%clk 0:02:04]} Rb8 {[%clk 0:02:16]} 16. Qe2 {[%clk 0:01:53]} b5
{[%clk 0:02:10]} 17. axb5 {[%clk 0:01:54]} Rxb5 {[%clk 0:02:11]} 18. Qf1
{[%clk 0:01:52]} Be6 {[%clk 0:01:59]} 19. cxd4 {[%clk 0:01:29]} Nxd4
{[%clk 0:01:51]} 20. Nxd4 {[%clk 0:01:30]} Rxd4 {[%clk 0:01:51]} 21. Be3
{[%clk 0:01:28]} Rd8 {[%clk 0:01:51]} 22. Ra1 {[%clk 0:01:23]} Nc6
{[%clk 0:01:50]} 23. Rec1 {[%clk 0:01:23]} Qb7 {[%clk 0:01:51]} 24. Rc3
{[%clk 0:00:54]} Ra8 {[%clk 0:01:11]} 25. Qc1 {[%clk 0:00:54]} Ra6
{[%clk 0:01:11]} 26. Bxh6 {[%clk 0:00:34]} Nd4 {[%clk 0:01:13]} 27. Bf1
{[%clk 0:00:28]} Nb3 {[%clk 0:01:06]} 28. Rxb3 {[%clk 0:00:27]} Rxb3
{[%clk 0:01:07]} 29. Bxg7 {[%clk 0:00:26]} Kxg7 {[%clk 0:01:07]} 30. Nxa5
{[%clk 0:00:25]} Rxa5 {[%clk 0:01:03]} 31. Rxa5 {[%clk 0:00:26]} Rxb2
{[%clk 0:01:03]} 32. Rxe5 {[%clk 0:00:22]} Rb1 {[%clk 0:00:56]} 33. Qc3
{[%clk 0:00:23]} Kh7 {[%clk 0:00:49]} 34. Kg2 {[%clk 0:00:20]} Qc8
{[%clk 0:00:50]} 35. Be2 {[%clk 0:00:13]} Bh3+ {[%clk 0:00:42]} 36. Kf3
{[%clk 0:00:14]} Bg4+ {[%clk 0:00:43]} 37. Ke3 {[%clk 0:00:15]} Bxe2
{[%clk 0:00:43]} 38. Kxe2 {[%clk 0:00:16]} Qh3 {[%clk 0:00:40]} 39. Re8
{[%clk 0:00:11]} Qf1+ {[%clk 0:00:39]} 40. Kf3 {[%clk 0:00:10]} Qd1+
{[%clk 0:00:31]} 41. Ke3 {[%clk 0:00:09]} Qc1+ {[%clk 0:00:28]} 42. Qxc1
{[%clk 0:00:10]} Rxc1 {[%clk 0:00:29]} 43. h4 {[%clk 0:00:11]} Kg7
{[%clk 0:00:30]} 44. Re5 {[%clk 0:00:12]} Re1+ {[%clk 0:00:30]} 45. Kd2
{[%clk 0:00:13]} Rf1 {[%clk 0:00:31]} 46. Ke2 {[%clk 0:00:15]} Rc1
{[%clk 0:00:32]} 47. h5 {[%clk 0:00:15]} f6 {[%clk 0:00:29]} 48. Re7+
{[%clk 0:00:15]} Kf8 {[%clk 0:00:30]} 49. Rh7 {[%clk 0:00:16]} gxh5
{[%clk 0:00:26]} 50. Rxh5 {[%clk 0:00:17]} Kg7 {[%clk 0:00:27]} 51. Rd5
{[%clk 0:00:16]} Kf7 {[%clk 0:00:28]} 52. f4 {[%clk 0:00:17]} Ke7
{[%clk 0:00:28]} 53. Rh5 {[%clk 0:00:17]} Rg1 {[%clk 0:00:28]} 54. Kf2
{[%clk 0:00:18]} Rd1 {[%clk 0:00:29]} 55. Ke3 {[%clk 0:00:08]} Rg1
{[%clk 0:00:30]} 56. Rh3 {[%clk 0:00:10]} c5 {[%clk 0:00:31]} 57. Kf2
{[%clk 0:00:10]} Rd1 {[%clk 0:00:32]} 58. g4 {[%clk 0:00:11]} Rd2+
{[%clk 0:00:32]} 59. Ke3 {[%clk 0:00:12]} Rg2 {[%clk 0:00:33]} 60. Rh7+
{[%clk 0:00:11]} Kd6 {[%clk 0:00:34]} 61. Rg7 {[%clk 0:00:12]} Rg3+
{[%clk 0:00:33]} 62. Kd2 {[%clk 0:00:14]} Rf3 {[%clk 0:00:32]} 63. f5
{[%clk 0:00:12]} Rg3 {[%clk 0:00:32]} 64. Kc3 {[%clk 0:00:12]} Rg1
{[%clk 0:00:31]} 65. Rg8 {[%clk 0:00:08]} Rc1+ {[%clk 0:00:31]} 66. Kd2
{[%clk 0:00:10]} Rg1 {[%clk 0:00:32]} 67. Re8 {[%clk 0:00:11]} c4
{[%clk 0:00:31]} 68. d4 {[%clk 0:00:07]} Rxg4 {[%clk 0:00:31]} 69. Kc3
{[%clk 0:00:09]} Rg1 {[%clk 0:00:19]} 70. Re6+ {[%clk 0:00:10]} Kd7
{[%clk 0:00:20]} 71. Kxc4 {[%clk 0:00:11]} 1-0

[Event "Blitz 2018"]
[Site "Saint-Petersburg"]
[Date "2018.12.29"]
[Round "2"]
[Board "57"]
[White "Minko Vladimir (RUS)"]
[Black "Lintchevski Daniil (RUS)"]
[Result "0-1"]
[LiveChessVersion "1.4.8"]
[BlackElo "2594"]
[WhiteElo "2403"]

1. d4 {[%clk 0:03:02]} d5 {[%clk 0:03:03]} 2. c4 {[%clk 0:03:03]} dxc4
{[%clk 0:03:04]} 3. e3 {[%clk 0:03:03]} e5 {[%clk 0:03:05]} 4. Bxc4
{[%clk 0:03:03]} exd4 {[%clk 0:03:05]} 5. Nf3 {[%clk 0:03:03]} Bd6
{[%clk 0:02:56]} 6. exd4 {[%clk 0:03:01]} Nf6 {[%clk 0:02:57]} 7. O-O
{[%clk 0:03:00]} O-O {[%clk 0:02:57]} 8. h3 {[%clk 0:02:55]} h6 {[%clk 0:02:52]}
9. Nc3 {[%clk 0:02:55]} Nc6 {[%clk 0:02:53]} 10. Be3 {[%clk 0:02:49]} Bf5
{[%clk 0:02:53]} 11. Rc1 {[%clk 0:02:41]} a6 {[%clk 0:02:52]} 12. Re1
{[%clk 0:02:39]} Qd7 {[%clk 0:02:51]} 13. a3 {[%clk 0:02:32]} Rae8
{[%clk 0:02:50]} 14. d5 {[%clk 0:02:23]} Ne5 {[%clk 0:02:42]} 15. Be2
{[%clk 0:02:23]} Bxh3 {[%clk 0:02:33]} 16. Nxe5 {[%clk 0:02:05]} Bxe5
{[%clk 0:02:30]} 17. Bd4 {[%clk 0:02:02]} Bxd4 {[%clk 0:01:47]} 18. Qxd4
{[%clk 0:02:00]} Bf5 {[%clk 0:01:46]} 19. Bf3 {[%clk 0:01:53]} Rxe1+
{[%clk 0:01:28]} 20. Rxe1 {[%clk 0:01:54]} Re8 {[%clk 0:01:29]} 21. Rc1
{[%clk 0:01:55]} Bg4 {[%clk 0:01:13]} 22. Bxg4 {[%clk 0:01:52]} Nxg4
{[%clk 0:01:13]} 23. Na4 {[%clk 0:01:46]} b6 {[%clk 0:01:09]} 24. Nc3
{[%clk 0:01:40]} Qf5 {[%clk 0:01:04]} 25. Rd1 {[%clk 0:01:23]} h5
{[%clk 0:01:02]} 26. d6 {[%clk 0:01:23]} cxd6 {[%clk 0:01:02]} 27. Qxb6
{[%clk 0:01:17]} Re6 {[%clk 0:00:58]} 28. Qd4 {[%clk 0:00:52]} h4
{[%clk 0:00:58]} 29. f3 {[%clk 0:00:47]} Ne3 {[%clk 0:00:57]} 30. Rd2
{[%clk 0:00:35]} h3 {[%clk 0:00:53]} 31. Ne4 {[%clk 0:00:32]} Nxg2
{[%clk 0:00:49]} 32. Rc2 {[%clk 0:00:21]} Rg6 {[%clk 0:00:40]} 33. Qxd6
{[%clk 0:00:12]} Rxd6 0-1

[Event "Blitz 2018"]
[Site "Saint-Petersburg"]
[Date "2018.12.29"]
[Round "2"]
[Board "58"]
[White "Ghaem Maghami Ehsan (IRI)"]
[Black "Gutenev Alexander (RUS)"]
[Result "1/2-1/2"]
[LiveChessVersion "1.4.8"]
[BlackElo "2419"]
[WhiteElo "2582"]

1. e4 {[%clk 0:03:02]} c5 {[%clk 0:03:02]} 2. Nf3 {[%clk 0:03:02]} Nc6
{[%clk 0:03:02]} 3. Bb5 {[%clk 0:03:02]} g6 {[%clk 0:03:03]} 4. O-O
{[%clk 0:03:02]} Bg7 {[%clk 0:03:04]} 5. c3 {[%clk 0:03:03]} Nf6 {[%clk 0:03:04]}
6. Re1 {[%clk 0:03:04]} O-O {[%clk 0:03:03]} 7. h3 {[%clk 0:03:05]} Qb6
{[%clk 0:03:00]} 8. Bc4 {[%clk 0:02:51]} e5 {[%clk 0:02:24]} 9. d3
{[%clk 0:02:50]} d6 {[%clk 0:02:15]} 10. a3 {[%clk 0:02:48]} h6 {[%clk 0:01:57]}
11. b4 {[%clk 0:02:47]} cxb4 {[%clk 0:01:52]} 12. axb4 {[%clk 0:02:47]} Be6
{[%clk 0:01:37]} 13. Be3 {[%clk 0:01:52]} Qc7 {[%clk 0:01:38]} 14. Qb3
{[%clk 0:01:47]} Bxc4 {[%clk 0:01:35]} 15. Qxc4 {[%clk 0:01:44]} a6
{[%clk 0:01:32]} 16. Nbd2 {[%clk 0:01:38]} Rac8 {[%clk 0:01:31]} 17. b5
{[%clk 0:01:35]} axb5 {[%clk 0:01:02]} 18. Qxb5 {[%clk 0:01:36]} Qd7
{[%clk 0:00:56]} 19. Nc4 {[%clk 0:01:23]} Rc7 {[%clk 0:00:35]} 20. Reb1
{[%clk 0:01:14]} Nh5 {[%clk 0:00:33]} 21. Qd5 {[%clk 0:00:50]} Nf4
{[%clk 0:00:24]} 22. Bxf4 {[%clk 0:00:35]} exf4 {[%clk 0:00:25]} 23. d4
{[%clk 0:00:33]} Rd8 {[%clk 0:00:26]} 24. Nb6 {[%clk 0:00:32]} Qe8
{[%clk 0:00:22]} 25. Qb5 {[%clk 0:00:27]} Qxe4 {[%clk 0:00:20]} 26. Re1
{[%clk 0:00:23]} Qc2 {[%clk 0:00:15]} 27. Nd5 {[%clk 0:00:14]} Rcd7
{[%clk 0:00:13]} 28. Rad1 {[%clk 0:00:08]} Qf5 {[%clk 0:00:13]} 29. Rb1 Kh7
{[%clk 0:00:11]} 30. Rb2 {[%clk 0:00:07]} g5 {[%clk 0:00:11]} 31. Rd2
{[%clk 0:00:03]} Ne7 {[%clk 0:00:05]} 32. Nc7 {[%clk 0:00:00]} 1/2-1/2